000 01598nad a2200445 a 4500
001 MIU01000000000000012934552
003 MiU
005 20231010141525.0
007 cr mnummmmuuuu
008 060608t20062004njuab sb 001 0 eng d
024 7 _a2027/heb31538
_2hdl
040 _aNyNyACL
_cNyNyACL
090 _aF2659.A1
_b(INTERNET)
100 1 _aTelles, Edward Eric,
_d1956-
_951082
245 1 0 _aRace in another America
_h[electronic resource] :
_bthe significance of skin color in Brazil /
_cEdward E. Telles.
246 3 0 _aSignificance of skin color in Brazil
250 _a1st pbk. printing
300 _aix, 324 p. :
_bill., maps ;
_c24 cm.
500 _aOriginally published: 2004.
504 _aIncludes bibliographical references and index.
650 0 _zBrazil
_xHistory.
_951083
650 0 _zBrazil
_xHistory.
_951083
650 0 _xRace identity
_zBrazil.
_951084
650 0 _xLaw and legislation
_zBrazil.
_951085
651 0 _aBrazil
_xRace relations.
_951086
830 0 _aACLS Humanities E-Book.
_951087
856 4 0 _zVolltext
_uhttps://hdl.handle.net/2027/heb31538
942 _cEB
500 _aE-Book-ACLS / Zugriff nur im DHI-Lesesaal
653 _aRacism
653 _aMiscegenation
653 _aBlacks
653 _aRace discrimination
336 _2rdacontent
_btxt
_aText
337 _2rdamedia
_bbc
_aComputermedien
338 _2rdacarrier
_bcr
_aOnline Ressource
264 _aPrinceton, N.J. :
_bPrinceton University Press,
_c2006, c2004.
041 _aeng
500 _aAmerican Council of Learned Societies/ https://www.humanitiesebook.org/about/
999 _c68267
_d68267